[Event "Heusenstamm Sparkassen op-B 6th"]
[Site "Heusenstamm"]
[Date "2019.11.21"]
[Round "1"]
[White "Leichum, Engelbert"]
[Black "Solovej, Philip"]
[Result "0-1"]
[WhiteElo "1587"]
[BlackElo "1245"]
[PlyCount "58"]
[EventDate "2019.11.21"]
[EventType "swiss"]
[EventRounds "7"]
[EventCountry "GER"]
[SourceTitle "CBM 194 Extra"]
[Source "ChessBase"]
[SourceDate "2020.03.31"]
[SourceVersion "1"]
[SourceVersionDate "2020.03.31"]
[SourceQuality "1"]

1. e4 e5 2. d4 f6 3. Bc4 Nc6 4. Bxg8 Rxg8 5. Qh5+ g6 6. Qxh7 Rg7 7. Qh8 Nxd4 8. Na3 g5 9. c3 Ne6 10. Qh5+ Rf7 11. Ne2 b6 12. Ng3 Ng7 13. Qf3 Bb7 14. h4 gxh4 15. Rxh4 f5 16. Rh8 Qf6 17. Qe2 0-0-0 18. Nc4 fxe4 19. Nxe4 Bxe4 20. Qxe4 d5 21. Qg4+ Ne6 22. Nd2 Qxh8 23. Qxe6+ Rdd7 24. Qc6 Kb8 25. Nf1 Bc5 26. Ne3 Bxe3 27. fxe3 Qh1+ 28. Kd2 Rf2+ 29. Kd3 Qd1+ 0-1

[Event "Heusenstamm Sparkassen op-B 5th"]
[Site "Heusenstamm"]
[Date "2018.11.23"]
[Round "3"]
[White "Solovej, Philip"]
[Black "Buchholz, Maja Patricia"]
[Result "0-1"]
[WhiteElo "1131"]
[BlackElo "1327"]
[PlyCount "146"]
[EventDate "2018.11.22"]
[EventType "swiss"]
[EventRounds "7"]
[EventCountry "GER"]
[SourceTitle "CBM 187 Extra"]
[Source "ChessBase"]
[SourceDate "2018.11.04"]
[SourceVersion "1"]
[SourceVersionDate "2018.11.04"]
[SourceQuality "1"]

1. e4 c5 2. Nf3 d6 3. Bc4 Nf6 4. d3 g6 5. Nc3 Bg7 6. h3 Nc6 7. Be3 Bd7 8. Qd2 a6 9. 0-0 b5 10. Bb3 b4 11. Ne2 a5 12. a3 0-0 13. Rfe1 Re8 14. Bh6 Bh8 15. Ng5 e6 16. Ng3 Re7 17. Nf3 Qc7 18. Bg5 Ree8 19. Re2 Reb8 20. a4 Be8 21. Ree1 Nd7 22. Rab1 Nb6 23. Qf4 Ne5 24. Nxe5 Bxe5 25. Qh4 Nxa4 26. Bf6 Bxf6 27. Qxf6 Nb6 28. Qg5 a4 29. Ba2 Qd8 30. Qg4 a3 31. bxa3 Rxa3 32. Bb3 Ba4 33. f4 Bxb3 34. Rxb3 Rba8 35. f5 Qe7 36. fxg6 hxg6 37. Rf1 Ra1 38. h4 Rxf1+ 39. Nxf1 Ra1 40. h5 Qf6 41. Qe2 gxh5 42. c3 c4 43. Rxb4 Qxc3 44. Qxh5 Qd4+ 45. Kh2 Qc5 46. Qxc5 dxc5 47. Rxb6 Rxf1 48. dxc4 Rc1 49. Kg3 Rxc4 50. Kf4 Rc2 51. g3 c4 52. Rc6 Rc3 53. g4 Kg7 54. g5 Kg6 55. Rc8 Rc1 56. Rg8+ Kh7 57. Rc8 Kg7 58. Kg4 c3 59. Kf4 c2 60. Ke5 Kh7 61. Rc7 Kg6 62. Rc8 Kxg5 63. Rg8+ Kh4 64. Rh8+ Kg3 65. Rg8+ Kf3 66. Rc8 Ke3 67. Rc7 f6+ 68. Kxe6 Kxe4 69. Rc4+ Kd3 70. Kd5 Rd1 71. Rd4+ Kc3 72. Rxd1 cxd1Q+ 73. Ke6 Qf3 0-1

[Event "Heusenstamm Sparkassen op-B 4th"]
[Site "Heusenstamm"]
[Date "2017.11.24"]
[Round "2"]
[White "Grabs, Peter1111"]
[Black "Solovej, Philip"]
[Result "1-0"]
[WhiteElo "1481"]
[BlackElo "1190"]
[PlyCount "65"]
[EventDate "2017.11.23"]
[EventType "swiss"]
[EventRounds "7"]
[EventCountry "GER"]
[SourceTitle "EXT 2019"]
[Source "ChessBase"]
[SourceDate "2018.10.10"]
[SourceVersion "1"]
[SourceVersionDate "2018.10.10"]
[SourceQuality "1"]

1. e4 e5 2. Nf3 Nc6 3. Nc3 Nf6 4. Bb5 Bc5 5. Bxc6 bxc6 6. Nxe5 Qe7 7. d4 Bb4 8. Bg5 h6 9. Bxf6 Qxf6 10. Qf3 Qxf3 11. Nxf3 Bxc3+ 12. bxc3 Ba6 13. Rb1 0-0 14. Kd2 d6 15. e5 Rae8 16. Rhe1 Re6 17. Re3 Rfe8 18. Rb4 Kf8 19. Ra4 Bf1 20. Rxa7 R6e7 21. exd6 Rxe3 22. fxe3 cxd6 23. g3 Bg2 24. Ke2 Rb8 25. Ne1 Ke8 26. Nxg2 Rb2 27. Kd3 g6 28. Nf4 c5 29. Nd5 c4+ 30. Kd2 f5 31. Ne7 g5 32. Nxf5 h5 33. Nxd6+ 1-0

[Event "Heusenstamm Sparkassen op-B 4th"]
[Site "Heusenstamm"]
[Date "2017.11.24"]
[Round "3"]
[White "Solovej, Philip"]
[Black "Wiese, Frank"]
[Result "0-1"]
[WhiteElo "1190"]
[BlackElo "1338"]
[PlyCount "64"]
[EventDate "2017.11.23"]
[EventType "swiss"]
[EventRounds "7"]
[EventCountry "GER"]
[SourceTitle "EXT 2019"]
[Source "ChessBase"]
[SourceDate "2018.10.10"]
[SourceVersion "1"]
[SourceVersionDate "2018.10.10"]
[SourceQuality "1"]

1. e4 e5 2. Nf3 Nc6 3. Bc4 Bc5 4. c3 Nf6 5. d3 d6 6. b4 Bb6 7. Qb3 Qd7 8. Bg5 Qe7 9. a4 a5 10. b5 Nd8 11. h3 Ne6 12. Bxe6 fxe6 13. Nbd2 0-0 14. Nf1 h6 15. Bxf6 Qxf6 16. Ng3 Qg6 17. 0-0 Qxg3 18. d4 Qg6 19. Qd1 exd4 20. cxd4 e5 21. Kh1 exd4 22. Nxd4 Qxe4 23. Nf3 Kh8 24. Re1 Qg6 25. Re2 Bxh3 26. Nh4 Qg4 27. gxh3 Qxh3+ 28. Kg1 Qxh4 29. Qc2 Qg4+ 30. Kf1 Qh3+ 31. Kg1 Rf4 32. Re3 Bxe3 0-1

[Event "Heusenstamm Sparkassen op-B 3rd"]
[Site "Heusenstamm"]
[Date "2016.11.27"]
[Round "2"]
[White "Solovej, Philip"]
[Black "Popp, Johann"]
[Result "1/2-1/2"]
[WhiteElo "1132"]
[BlackElo "1442"]
[PlyCount "153"]
[EventDate "2016.11.27"]
[EventType "swiss"]
[EventRounds "7"]
[EventCountry "GER"]
[SourceTitle "EXT 2018"]
[Source "ChessBase"]
[SourceDate "2017.10.13"]
[SourceVersion "1"]
[SourceVersionDate "2017.10.13"]
[SourceQuality "1"]

1. e4 c6 2. Nf3 d5 3. exd5 cxd5 4. Bb5+ Nc6 5. d4 Qb6 6. Nc3 e6 7. a3 a6 8. Ba4 Nf6 9. Ne5 Nd7 10. Nxc6 bxc6 11. Bb3 Be7 12. 0-0 0-0 13. Be3 Qc7 14. Qf3 c5 15. dxc5 Nxc5 16. Bxc5 Bxc5 17. Rad1 Bb7 18. Qd3 Rfd8 19. Na4 Bd6 20. g3 Rac8 21. Qc3 Qb8 22. Qd4 Bc7 23. Nb6 Bxb6 24. Qxb6 Rc6 25. Qd4 Rdc8 26. Rd3 Rc5 27. Re1 Qc7 28. Ree3 a5 29. Rc3 Rxc3 30. Rxc3 Qd8 31. Rxc8 Qxc8 32. Qb6 Qa8 33. Ba4 g6 34. Qb5 Kg7 35. Qd3 h5 36. Qd4+ Kg8 37. h4 Qa6 38. Qf6 Qa8 39. Qe7 Bc6 40. Bxc6 Qxc6 41. Qd8+ Kg7 42. Qxa5 Kf6 43. Qc3+ Qxc3 44. bxc3 Ke5 45. Kf1 Kd6 46. Ke2 Kc5 47. Kd3 e5 48. a4 f5 49. f4 e4+ 50. Ke3 Kc4 51. Kd2 Kc5 52. Ke3 Kc4 53. a5 Kb5 54. Kd4 Kxa5 55. c4 dxc4 56. Kxc4 Kb6 57. Kd4 Kc6 58. c4 Kd6 59. c5+ Kc6 60. Kc4 e3 61. Kd3 Kxc5 62. Kxe3 Kc4 63. Kd2 Kd4 64. Ke2 Ke4 65. Kf2 Kd3 66. Kf3 Kd2 67. Kf2 Kd1 68. Kf1 Kd2 69. Kf2 Kd3 70. Kf3 Kd4 71. Kf2 Kd5 72. Ke3 Kc4 73. Ke2 Kd4 74. Kd2 Kd5 75. Kd3 Kc5 76. Kc3 Kd6 77. Kd4 1/2-1/2

[Event "Hessen-ch U10"]
[Site "Bad Homburg"]
[Date "2015.03.29"]
[Round "5"]
[White "Kersten, Jan Leon"]
[Black "Solovej, Philip"]
[Result "0-1"]
[WhiteElo "723"]
[BlackElo "890"]
[PlyCount "73"]
[EventDate "2015.03.27"]
[EventType "swiss"]
[EventRounds "7"]
[EventCountry "GER"]
[SourceTitle "EXT 2017"]
[Source "ChessBase"]
[SourceDate "2016.10.25"]
[SourceVersion "1"]
[SourceVersionDate "2016.10.25"]
[SourceQuality "1"]

1. e4 e5 2. Nf3 Nc6 3. Nc3 Bb4 4. Bc4 h6 5. d3 Nf6 6. 0-0 d6 7. Be3 Bd7 8. h3 0-0 9. a3 Bxc3 10. bxc3 Qe7 11. Rb1 b6 12. d4 Be6 13. d5 Na5 14. Ba2 Bd7 15. c4 a6 16. Qd2 Nb7 17. c5 dxc5 18. Qc3 Nxe4 19. Qd3 Nf6 20. Qc3 Bb5 21. Rfd1 Ne4 22. Qb2 Rfe8 23. c4 Ba4 24. Bb3 Bxb3 25. Qxb3 Qf6 26. d6 Nbxd6 27. a4 Rab8 28. Qa3 Nxc4 29. Qd3 Ncd6 30. a5 Nb5 31. axb6 cxb6 32. Qd7 Re7 33. Qd5 Nbc3 34. Rdc1 Nxd5 35. Rd1 Ndc3 36. Rdc1 Nxb1 37. Rxb1 0-1

[Event "GER-chT U10"]
[Site "Magdeburg"]
[Date "2014.12.28"]
[Round "5.4"]
[White "Kuehn, Jan Gerrit"]
[Black "Solovej, Philip"]
[Result "0-1"]
[WhiteElo "854"]
[BlackElo "797"]
[PlyCount "114"]
[EventDate "2014.12.27"]
[EventType "team-swiss"]
[EventRounds "7"]
[EventCountry "GER"]
[SourceTitle "EXT 2016"]
[Source "ChessBase"]
[SourceDate "2015.10.08"]
[SourceVersion "1"]
[SourceVersionDate "2015.10.08"]
[SourceQuality "1"]
[WhiteTeam "Koenigsspringer"]
[BlackTeam "Gruendau"]
[WhiteTeamCountry "GER"]
[BlackTeamCountry "GER"]

1. e4 e5 2. Nf3 Nc6 3. Bc4 h6 4. Nc3 Nf6 5. d3 Bb4 6. Be3 Bxc3+ 7. bxc3 d6 8. 0-0 Na5 9. Bb3 0-0 10. a3 Ng4 11. Bd2 Nxb3 12. cxb3 Be6 13. d4 Qf6 14. d5 Bd7 15. h3 Bb5 16. Re1 Bd7 17. c4 h5 18. Bg5 Qg6 19. Qd2 f6 20. Be3 Nxe3 21. Qxe3 Bxh3 22. g3 Kf7 23. Nh4 Qg5 24. Qf3 Bg4 25. Qg2 b6 26. Re3 a5 27. Nf3 Bxf3 28. Rxf3 a4 29. b4 Rh8 30. Rf5 Qg6 31. Kf1 h4 32. Rd1 h3 33. Qh2 Qg4 34. f3 Qg6 35. Kg1 Qh6 36. g4 Qe3+ 37. Kh1 Qxa3 38. Qd2 g6 39. Qd3 Qxd3 40. Rxd3 gxf5 41. gxf5 a3 42. Rd1 a2 43. Ra1 Ra3 44. Kh2 Rxf3 45. Rxa2 Re3 46. Rg2 Rxe4 47. b5 Rf4 48. Kg3 Rxf5 49. Rh2 e4 50. Kg4 Re5 51. Rxh3 Rxh3 52. Kxh3 e3 53. Kg4 e2 54. Kf4 e1Q 55. Kf3 Qf1+ 56. Kg4 Rg5+ 57. Kh4 Qh1# 0-1